Представление документа в формате MARC21

Поле Инд. ПП Название Значение
Тип записи a
Библиографический уровень m
001 Контрольный номер 9daefa55-fdb1-40e8-93ef-dafc46fdb075
005 Дата корректировки 20250417153706.3
008 Кодируемые данные 991118 d
040 a Служба первич. каталог. НБ ТвГУ
041 0_ a Код языка текста rus
080 a Индекс УДК 808.2-3(075.8)
084 a Индекс другой классификации/Индекс ББК Ш141.12-923.313
a Индекс другой классификации/Индекс ББК Ш141.12-313
090 a Полочн. индекс Ш141.12
x Авторский знак В19
100 1_ a Автор Васильев Александр Дмитриевич
245 10 a Заглавие Судьбы заимствований в русской лексике
b Продолж. заглавия учеб. пособие для спецкурса
c Ответственность А. Д. Васильев ; Краснояр. гос. пед. ин-т
260 1_ a Место издания Красноярск
c Дата издания 1993
300 a Объем 90 с.
650 04 a Основная рубрика Русский язык
x Основная подрубрика Заимствования
x Основная подрубрика Лексикология
x Основная подрубрика Учебники для вузов
653 0_ a Ключевые слова Заимствования в русском языке
a Ключевые слова Иностранные слова в русском языке
a Ключевые слова Лексикология русского языка
a Ключевые слова Русская лексика
a Ключевые слова Русский язык
a Ключевые слова Учебники
920 a Оператор Поля
930 a Новая/Ретро Учебники
952 c Вид литературы К ру
954 a Дата поступления на обработку 30.12.94
e Дата перешифровки 20250417